Tilastot visalle Euroopan suurimmat maat väkiluvultaan (top 30)

Klikkaa tästä pelataksesi tätä visaa!

Yleistilastot

  • Tätä visaa on pelattu 117 kertaa
  • Keskiarvotulos 26 / 30

Vastaustilastot

HintVastaus% Oikein
5 522 000Suomi
100%
10 215 000Ruotsi
99%
9 477 000Valko-Venäjä
99%
146 877 000Venäjä
99%
5 323 000Norja
98%
67 372 000Ranska
98%
38 433 000Puola
97%
82 887 000Saksa
97%
46 733 000Espanja
96%
60 390 000Italia
96%
42 220 000Ukraina
96%
10 768 000Kreikka
94%
10 291 000Portugali
94%
5 806 000Tanska
93%
17 284 000Alankomaat
90%
4 857 000Irlanti
90%
8 526 000Sveitsi
89%
5 445 000Slovakia
88%
10 627 000Tsekki
87%
9 771 000Unkari
87%
11 449 000Belgia
86%
8 857 000Itävalta
86%
4 105 000Kroatia
86%
19 523 000Romania
86%
7 001 000Serbia
82%
82 003 000Turkki
82%
7 050 000Bulgaria
81%
66 040 000Yhdistynyt kuningaskunta
62%
9 959 000Azerbaidzan
27%
18 356 000Kazakstan
23%

Tulosjakauma

Persentiili vastausten määrän mukaan

Jokaisen tuloksen saaneiden osuus

Tuloshistoriasi

Et ole pelannut tätä visaa